000 00741nam a2200289Ia 4500
005 20260324134624.0
008 008 260324s9999 xx 000 0 eng d
020 _a9781315187068
037 _aEBOOK
040 _aCRL
040 _beng
040 _cCRL
041 _2eng
041 _aeng
084 _qCRL
100 _aDavid Snelling
_91197522
245 0 _aPhilosophy, Psychoanalysis and the Origins of Meaning
245 0 _bPre-Reflective Intentionality in the Psychoanalytic View of the Mind
260 _bTaylor and Francis
260 _c2001
365 _a
365 _b420
856 _uhttp://www.taylorfrancis.com/books/9781315187068
942 _cEBOOK
999 _c1797798
_d1797798